000 00609nam a2200205Ia 4500
008 131103s9999 xx 000 0 und d
020 _a8120310128
_cRs. 195
040 _aLoreto College
041 _aEnglish
082 _a658.4038/KAN
_bLCLIB/43013
100 _aKanter, Jerome
245 _aManaging with Information
_cJerome Kanter
250 _a4th ed
260 _aNew Delhi
_bPrentice Hall of India Pvt. Ltd.
_c2001
300 _axiv,444p, graphs, tables, charts 23.5 cm.
504 _aIncludes index
650 _aInformation Management
651 _aManagement-Decision Making
942 _cBK
999 _c2544
_d53023